00767nam a22002177a 4500003000500000005001700005008004100022010001000063011001000073020001500083035001100098040000900109082002000118110007900138245017800217260002500395300003200420650003400452650003600486650002700522CHAP20230613062623.0100415s2004 fr r 00010 eng d a98132 a99104 a9264006427 a109789 cCHAP04a375.04945bOc192 aOrganización para la Cooperación y el Desarrollo Económicos. París10aProblem solving for tomorrow's world :bfirst measures of cross-curricular competencies from PISA 2003c/by Organización para la Cooperación y el Desarrollo Económicos aParis :bOECD,c2004 a159 p. :bdiagramas, tablas17aCooperación internacional214aEducaciónxPlanes de estudio.14aEstudio y enseñanza.